The longest journey

Պահպանված է:
Մատենագիտական մանրամասներ
Հիմնական հեղինակ: Forster, Edward Morgan (Հեղինակ)
Ձևաչափ: Գիրք
Լեզու:անգլերեն
Հրապարակվել է: Harmondsworth Penguin Books 1960
Խորագրեր:
Ցուցիչներ: Ավելացրեք ցուցիչ
Չկան պիտակներ, Եղեք առաջինը, ով նշում է այս գրառումը!

MARC

LEADER 00000nam a2200000 a 4500
001 UCQ3835
003 CL-VaPUC
008 980828e19600000uk |||||||||||||||||eng|d
082 0 4 |a 823  |b FOR  |2 21 
100 0 |a Forster, Edward Morgan  |e author  |9 418057 
245 1 4 |a The longest journey 
300 |a 288 p 
942 |c BK 
945 |d 19980828 00:00:00  |a crobeson 
260 |a Harmondsworth  |b Penguin Books  |c 1960 
650 0 |a Novelas inglesas  |9 265220 
650 0 |a Literatura inglesa  |9 312907 
583 |a last modification  |c 20171204 02:39:29  |k Rodrigo Vera 
999 |c 274348  |d 274346 
952 |0 0  |1 0  |4 0  |6 823_000000000000000_FOR_1960  |7 0  |8 A  |9 310500  |a BIBEDU  |b BIBEDU  |d 2019-11-20  |i 1458795  |o 823 FOR 1960  |p 1458795  |r 2019-11-20  |w 2019-11-20  |y BK  |k LIT